| 000 | 00706nam a22002297a 4500 | ||
|---|---|---|---|
| 005 | 20170124110012.0 | ||
| 010 | _aA-609147 | ||
| 020 |
_c00.00 _a8171005055 |
||
| 035 | _aA-609147 | ||
| 037 | _bCen Lib/ Ret | ||
| 040 |
_aDPL _bEN |
||
| 082 |
_a346.02 _bVER |
||
| 100 |
_aVerma, G.P. _917963 |
||
| 245 |
_aState liability in India : _cby G.P. Verma _bretrospect and prospect / |
||
| 260 |
_aNew Delhi _bDeep & deep publications _c1993 |
||
| 270 |
_aF-159, Rahouri garden _bNew Delhi |
||
| 300 |
_axxviii,409p. _c20cm(Hb) |
||
| 500 | _aIncludes bibliographical references | ||
| 650 |
_aGovernment liability _917964 |
||
| 650 |
_aIndia _917965 |
||
| 942 |
_2ddc _cEN _h346.02 _mVER |
||
| 999 |
_c126604 _d126604 |
||